[Event "Gibtelecom Masters 2005"]
[Site "Gibraltar ENG"]
[Date "2005.01.29"]
[Round "5.5"]
[White "Gormally, Daniel"]
[Black "Sutovsky, Emil"]
[Result "0-1"]
[WhiteElo "2472"]
[BlackElo "2669"]
[PlyCount "72"]
[EventDate "2005.01.26"]
[EventType "swiss"]
[EventRounds "10"]
[EventCountry "ENG"]
[Source "lmi"]
[SourceDate "2005.02.03"]

1. e4 c5 2. Nf3 d6 3. d4 cxd4 4. Nxd4 Nf6 5. Nc3 a6 6. Bc4 e6 7. Bb3 b5 8. O-O
Be7 9. Qf3 Qc7 10. Qg3 Nc6 11. Nxc6 Qxc6 12. Re1 Bb7 13. a3 Rd8 14. a4 O-O 15.
axb5 axb5 16. Bh6 Ne8 17. Ra7 Ra8 18. Rxa8 Bxa8 19. Bf4 Nf6 20. Bh6 Ne8 21. Bf4
b4 22. Na2 Nf6 23. Bh6 Nh5 24. Qg4 Qb5 25. f3 Bf6 26. Rb1 Bd4+ 27. Kh1 Bxb2 28.
Bd2 Nf6 29. Qg3 d5 30. Bxb4 dxe4 31. c4 Qf5 32. Bxf8 Nh5 33. Qg4 exf3 34. Qxf5
fxg2+ 35. Kg1 Bd4+ 36. Qf2 Nf4 0-1

[Event "Gibtelecom Masters 2005"]
[Site "Gibraltar ENG"]
[Date "2005.01.29"]
[Round "5.7"]
[White "Nakamura, Hikaru"]
[Black "Del Rio Angelis, Salvador G"]
[Result "1-0"]
[WhiteElo "2613"]
[BlackElo "2502"]
[PlyCount "61"]
[EventDate "2005.01.26"]
[EventType "swiss"]
[EventRounds "10"]
[EventCountry "ENG"]
[Source "lmi"]
[SourceDate "2005.02.03"]

1. c4 Nf6 2. Nc3 c5 3. g3 g6 4. Bg2 Bg7 5. a3 Nc6 6. Rb1 a5 7. e3 e6 8. Nge2 d5
9. b3 d4 10. Na4 Nd7 11. exd4 cxd4 12. d3 e5 13. O-O O-O 14. b4 axb4 15. axb4
Ne7 16. b5 Nb6 17. Nxb6 Qxb6 18. Bd2 Bf5 19. Bb4 Rfe8 20. Nc1 Qc7 21. Re1 Nc8
22. Nb3 Nb6 23. Ba5 Bf8 24. c5 Rxa5 25. cxb6 Qxb6 26. Nxa5 Qxa5 27. Bxb7 Bb4
28. Bc6 Re7 29. Re2 Bg4 30. f3 Bc8 31. Qb3 1-0

[Event "Gibtelecom Masters 2005"]
[Site "Gibraltar ENG"]
[Date "2005.01.29"]
[Round "5.8"]
[White "Efimenko, Zahar"]
[Black "Williams, Simon"]
[Result "1-0"]
[WhiteElo "2601"]
[BlackElo "2487"]
[PlyCount "72"]
[EventDate "2005.01.26"]
[EventType "swiss"]
[EventRounds "10"]
[EventCountry "ENG"]
[Source "lmi"]
[SourceDate "2005.02.03"]

1. d4 f5 2. Nc3 d5 3. Bg5 h6 4. Bf4 Nf6 5. e3 e6 6. Be2 Bd6 7. Bh5+ Ke7 8. Be2
g5 9. Bg3 Nbd7 10. Nf3 a6 11. Ne5 Qg8 12. Qd3 Qg7 13. O-O-O b5 14. Nc6+ Kf7 15.
f3 Bb7 16. Na5 Rab8 17. Nxb7 Rxb7 18. Rhf1 Nb6 19. e4 f4 20. Bf2 b4 21. Nb1
Nfd7 22. Nd2 c5 23. exd5 exd5 24. dxc5 Nxc5 25. Qf5+ Ke7 26. Rfe1 Rf8 27. Qg4
h5 28. Qxh5 Ne6 29. Bxa6 Be5 30. Rxe5 Qxe5 31. Re1 Qf6 32. Nb3 Kd8 33. Rxe6
Qxe6 34. Bxb7 Kc7 35. Qh7+ Rf7 36. Qd3 Nc4 1-0

[Event "Gibtelecom Masters 2005"]
[Site "Gibraltar ENG"]
[Date "2005.01.29"]
[Round "5.10"]
[White "Al Sayed, Mohamad Naser"]
[Black "Kotronias, Vasilios"]
[Result "1/2-1/2"]
[WhiteElo "2463"]
[BlackElo "2585"]
[PlyCount "96"]
[EventDate "2005.01.26"]
[EventType "swiss"]
[EventRounds "10"]
[EventCountry "ENG"]
[Source "lmi"]
[SourceDate "2005.02.03"]

1. e4 c5 2. Nf3 Nc6 3. d4 cxd4 4. Nxd4 Nf6 5. Nc3 d6 6. Bg5 e6 7. Qd2 a6 8.
O-O-O Bd7 9. f4 b5 10. Nxc6 Bxc6 11. Qe3 h6 12. Bh4 Ng4 13. Qh3 g5 14. Be1 h5
15. Be2 Qf6 16. fxg5 Qxg5+ 17. Bd2 Qg6 18. Bxg4 Qxg4 19. Qe3 Be7 20. h3 Qg7 21.
Nd5 exd5 22. exd5 Bd7 23. Rde1 f6 24. Re2 Rh7 25. Rhe1 Kf8 26. Qb6 Qg3 27. Re3
Qf2 28. Qb7 Rd8 29. Qc7 Qf5 30. g4 Qg6 31. gxh5 Qe8 32. Bb4 Bf5 33. Qb6 Qd7 34.
Qd4 Kg8 35. Qf4 Bf8 36. Rg3+ Kf7 37. Kb1 Rc8 38. Bc3 Rc4 39. Qf3 b4 40. Bxf6
Rxc2 41. Ka1 Qc8 42. Rgg1 Bg7 43. Bxg7 Rxg7 44. Rgf1 Rgg2 45. Qxf5+ Qxf5 46.
Rxf5+ Kg7 47. Re7+ Kg8 48. Re8+ Kg7 1/2-1/2

[Event "Gibtelecom Masters 2005"]
[Site "Gibraltar ENG"]
[Date "2005.01.29"]
[Round "5.11"]
[White "Bellon Lopez, Juan Manuel"]
[Black "Postny, Evgeny"]
[Result "1/2-1/2"]
[WhiteElo "2428"]
[BlackElo "2557"]
[PlyCount "71"]
[EventDate "2005.01.26"]
[EventType "swiss"]
[EventRounds "10"]
[EventCountry "ENG"]
[Source "lmi"]
[SourceDate "2005.02.03"]

1. d4 Nf6 2. Nf3 e6 3. Bg5 h6 4. Bxf6 Qxf6 5. e4 d6 6. Nc3 Nd7 7. Qd2 c6 8.
O-O-O e5 9. dxe5 Nxe5 10. Nxe5 Qxe5 11. f4 Qa5 12. Bc4 Qc5 13. Bb3 b5 14. e5
Bf5 15. g4 Bxg4 16. Ne4 Qb6 17. Nxd6+ Bxd6 18. exd6 O-O-O 19. Rde1 Qc5 20. Qg2
h5 21. h3 Bd7 22. Qxg7 Qxd6 23. Qe5 Qxe5 24. fxe5 Be6 25. Rhf1 Bxh3 26. Rxf7 h4
27. Rg1 c5 28. Rgg7 c4 29. Rxa7 Kb8 30. Rab7+ Ka8 31. Rxb5 cxb3 32. Ra5+ Kb8
33. Rb5+ Kc8 34. Rc5+ Kb8 35. Rb5+ Kc8 36. Rc5+ 1/2-1/2

[Event "Gibtelecom Masters 2005"]
[Site "Gibraltar ENG"]
[Date "2005.01.29"]
[Round "5.12"]
[White "Estremera Panos, Sergio"]
[Black "Tregubov, Pavel V"]
[Result "1/2-1/2"]
[WhiteElo "2384"]
[BlackElo "2629"]
[PlyCount "83"]
[EventDate "2005.01.26"]
[EventType "swiss"]
[EventRounds "10"]
[EventCountry "ENG"]
[Source "lmi"]
[SourceDate "2005.02.03"]

1. d4 Nf6 2. c4 c5 3. d5 b5 4. cxb5 a6 5. e3 g6 6. Nc3 Bg7 7. a4 O-O 8. Nf3 Bb7
9. Rb1 d6 10. Be2 axb5 11. axb5 Nbd7 12. O-O Nb6 13. e4 e6 14. dxe6 Nxe4 15.
exf7+ Rxf7 16. Nxe4 Bxe4 17. Bg5 Qc7 18. Bd3 Bxf3 19. gxf3 d5 20. Bh4 c4 21.
Bc2 Raf8 22. Bg3 Qc5 23. b3 c3 24. Qe2 Re7 25. Qd3 d4 26. b4 Qh5 27. Bb3+ Kh8
28. Rfe1 Qg5 29. Re4 Rxe4 30. fxe4 Nd7 31. Kh1 Qe7 32. Bc2 Ra8 33. Qc4 Qf8 34.
Qd5 Nb6 35. Qd6 Qf3+ 36. Kg1 Qe2 37. Be5 Qxc2 38. Bxg7+ Kxg7 39. Qe7+ Kg8 40.
Qe6+ Kf8 41. Qf6+ Ke8 42. Qe6+ 1/2-1/2

[Event "Gibtelecom Masters 2005"]
[Site "Gibraltar ENG"]
[Date "2005.01.29"]
[Round "5.13"]
[White "Radovanovic, Jovica"]
[Black "Spraggett, Kevin"]
[Result "0-1"]
[WhiteElo "2329"]
[BlackElo "2589"]
[PlyCount "54"]
[EventDate "2005.01.26"]
[EventType "swiss"]
[EventRounds "10"]
[EventCountry "ENG"]
[Source "lmi"]
[SourceDate "2005.02.03"]

1. e4 c5 2. Nf3 e6 3. Qe2 Nc6 4. g3 g6 5. Bg2 Bg7 6. O-O Nge7 7. c3 e5 8. a3 d6
9. b4 O-O 10. d3 h6 11. Be3 b6 12. Nfd2 Bb7 13. Ra2 Qd7 14. Nc4 f5 15. Bh3 d5
16. exd5 Qxd5 17. Bg2 Qxg2+ 18. Kxg2 Nd4+ 19. f3 Nxe2 20. Rxe2 e4 21. bxc5
exf3+ 22. Rxf3 Rfd8 23. Nd6 Bxf3+ 24. Kxf3 Nc6 25. d4 bxc5 26. dxc5 Rab8 27.
Nd2 Bxc3 0-1

[Event "Gibtelecom Masters 2005"]
[Site "Gibraltar ENG"]
[Date "2005.01.29"]
[Round "5.14"]
[White "Areshchenko, Alexander"]
[Black "Mortazavi, Ali"]
[Result "1/2-1/2"]
[WhiteElo "2570"]
[BlackElo "2371"]
[PlyCount "85"]
[EventDate "2005.01.26"]
[EventType "swiss"]
[EventRounds "10"]
[EventCountry "ENG"]
[Source "lmi"]
[SourceDate "2005.02.03"]

1. e4 c5 2. Nf3 e6 3. d4 cxd4 4. Nxd4 a6 5. Nc3 Qc7 6. Be2 Nf6 7. O-O Bb4 8.
Qd3 Nc6 9. Nxc6 bxc6 10. Bg5 Be7 11. f4 d5 12. e5 Ng8 13. Qg3 g6 14. Kh1 h6 15.
Bxe7 Nxe7 16. Na4 c5 17. Qa3 c4 18. b3 O-O 19. bxc4 dxc4 20. Nc5 Bb7 21. Nxb7
Qxb7 22. Bxc4 Rfd8 23. Qf3 Qb4 24. Bd3 Rac8 25. Rab1 Qa3 26. Qh3 h5 27. Qh4 Rd7
28. Rb6 a5 29. Bb5 Rdc7 30. c4 Nf5 31. Qe1 Qc5 32. Ra6 Ne3 33. Rg1 Nxc4 34.
Bxc4 Qxc4 35. Qxa5 Qxf4 36. Ra8 Rxa8 37. Qxa8+ Kg7 38. Qa5 Rc2 39. h3 Qe4 40.
a4 Ra2 41. Qc3 Rxa4 42. Rf1 Ra2 43. Rxf7+ 1/2-1/2

[Event "Gibtelecom Masters 2005"]
[Site "Gibraltar ENG"]
[Date "2005.01.29"]
[Round "5.16"]
[White "Wells, Peter K"]
[Black "Nezad, Husein Aziz"]
[Result "1-0"]
[WhiteElo "2519"]
[BlackElo "2349"]
[PlyCount "69"]
[EventDate "2005.01.26"]
[EventType "swiss"]
[EventRounds "10"]
[EventCountry "ENG"]
[Source "lmi"]
[SourceDate "2005.02.03"]

1. e4 c6 2. c4 d5 3. cxd5 cxd5 4. exd5 Nf6 5. Nc3 Nxd5 6. Nf3 Nxc3 7. bxc3 g6
8. Bb5+ Bd7 9. a4 Bg7 10. O-O O-O 11. Re1 a6 12. Bf1 Nc6 13. Ba3 Bg4 14. d4 Qc7
15. h3 Bxf3 16. Qxf3 Rfc8 17. d5 Ne5 18. Qf4 b5 19. Rad1 f6 20. axb5 axb5 21.
Bb4 Qb7 22. Qe4 Bf8 23. h4 Ra2 24. h5 Kg7 25. Qd4 Qc7 26. hxg6 hxg6 27. Bxb5
Rb8 28. Bf1 Rba8 29. Re2 Qd7 30. Rxe5 fxe5 31. Qxe5+ Kf7 32. d6 e6 33. Bb5 Qa7
34. Rd4 Bg7 35. Rf4+ 1-0

[Event "Gibtelecom Masters 2005"]
[Site "Gibraltar ENG"]
[Date "2005.01.29"]
[Round "5.17"]
[White "Ward, Christopher"]
[Black "Hassan, Abdullah"]
[Result "1/2-1/2"]
[WhiteElo "2485"]
[BlackElo "2357"]
[PlyCount "97"]
[EventDate "2005.01.26"]
[EventType "swiss"]
[EventRounds "10"]
[EventCountry "ENG"]
[Source "lmi"]
[SourceDate "2005.02.03"]

1. d4 d5 2. c4 c6 3. Nc3 Nf6 4. Nf3 a6 5. e3 b5 6. b3 Bg4 7. h3 Bxf3 8. gxf3
Nbd7 9. f4 e6 10. c5 Ne4 11. Nxe4 dxe4 12. Bg2 f5 13. f3 Nf6 14. a4 b4 15. fxe4
fxe4 16. Qc2 Qd5 17. a5 Be7 18. Ra4 Bd8 19. Bd2 g5 20. O-O Rg8 21. Be1 g4 22.
h4 g3 23. f5 exf5 24. Rxb4 Ng4 25. Qe2 Bxh4 26. Rb7 Bg5 27. Bd2 Rf8 28. Bh3 h5
29. Kg2 Qe6 30. Rb6 Bd8 31. Rxa6 Rxa6 32. Qxa6 Nf2 33. Qc4 Qf6 34. a6 Rf7 35.
a7 Rxa7 36. Qg8+ Ke7 37. Qh7+ Qf7 38. Qxf7+ Kxf7 39. Bxf5 Ra2 40. Kxg3 Rxd2 41.
Rxf2 Bh4+ 42. Kxh4 Rxf2 43. Bxe4 Re2 44. Bxc6 Rxe3 45. Kxh5 Rd3 46. Kg5 Rxd4
47. Kf5 Ke7 48. Ke5 Rd2 49. Ba4 1/2-1/2

[Event "Gibtelecom Masters 2005"]
[Site "Gibraltar ENG"]
[Date "2005.01.29"]
[Round "5.18"]
[White "Orr, Mark JL"]
[Black "Cramling, Pia"]
[Result "0-1"]
[WhiteElo "2324"]
[BlackElo "2481"]
[PlyCount "162"]
[EventDate "2005.01.26"]
[EventType "swiss"]
[EventRounds "10"]
[EventCountry "ENG"]
[Source "lmi"]
[SourceDate "2005.02.03"]

1. d4 d5 2. c4 c6 3. Nc3 Nf6 4. e3 g6 5. Nf3 Bg7 6. Be2 O-O 7. O-O Be6 8. b3 h6
9. Bb2 Nbd7 10. Re1 Ne4 11. cxd5 cxd5 12. Nxe4 dxe4 13. Nd2 Bd5 14. Bc4 e6 15.
a4 f5 16. Rc1 Rf7 17. Ba3 Qf6 18. Qe2 a6 19. a5 g5 20. Rc2 Qg6 21. Bxd5 exd5
22. Rc7 Rb8 23. Rec1 f4 24. Rc8+ Kh7 25. Rxb8 Nxb8 26. Bc5 Nc6 27. b4 g4 28. g3
f3 29. Qd1 Qh5 30. Rb1 Bf6 31. Nb3 Bd8 32. Bd6 Rd7 33. Bf4 Be7 34. Nc5 Bxc5 35.
bxc5 Qh3 36. Qf1 Qxf1+ 37. Kxf1 Nxa5 38. Rb6 Nc6 39. Ke1 Kg6 40. Kd2 h5 41. Kc3
Kf7 42. Kb3 Ke8 43. Ka4 Kd8 44. Bg5+ Kc8 45. Bf4 Rh7 46. Bd6 Rh6 47. Bf4 Rg6
48. Ka3 Ne7 49. Rb1 Nf5 50. Rh1 h4 51. gxh4 Nxh4 52. Bg3 Nf5 53. Bf4 Ng7 54.
Rg1 Ne6 55. Be5 Rg5 56. Bf6 Rg8 57. Be5 Rg5 58. Kb4 Kd7 59. Bf6 Rg6 60. Be5 Nd8
61. Bf4 Nc6+ 62. Kc3 Ne7 63. Rb1 Kc8 64. Rg1 Kd7 65. Rb1 Kc8 66. Rg1 b6 67.
cxb6 Rc6+ 68. Kd2 Rxb6 69. Rc1+ Kd7 70. Rc2 Nc6 71. Bg3 Rb5 72. Rc1 a5 73. Rc2
a4 74. Ra2 Rb4 75. Rc2 a3 76. Kc1 Rc4 77. Kb1 Nb4 78. Rd2 Kc6 79. Bh4 Kb5 80.
Rd1 Rc2 81. Bg3 Rb2+ 0-1

[Event "Gibtelecom Masters 2005"]
[Site "Gibraltar ENG"]
[Date "2005.01.29"]
[Round "5.19"]
[White "Quillan, Gary"]
[Black "Cmilyte, Viktorija"]
[Result "1/2-1/2"]
[WhiteElo "2322"]
[BlackElo "2468"]
[PlyCount "142"]
[EventDate "2005.01.26"]
[EventType "swiss"]
[EventRounds "10"]
[EventCountry "ENG"]
[Source "lmi"]
[SourceDate "2005.02.03"]

1. e4 c5 2. Nf3 Nc6 3. Bb5 g6 4. O-O Bg7 5. c3 Nf6 6. Re1 O-O 7. d3 a6 8. Ba4
b5 9. Bc2 e5 10. Be3 d6 11. h3 Re8 12. a4 Rb8 13. axb5 axb5 14. Nbd2 Bb7 15.
Nf1 h6 16. Ng3 Qc7 17. Nh2 Rbd8 18. Qf3 Qe7 19. Bb3 Ra8 20. Ng4 Nxg4 21. hxg4
c4 22. Bc2 Qe6 23. Nf1 Ne7 24. dxc4 bxc4 25. Nd2 Rxa1 26. Rxa1 Rb8 27. Ra2 d5
28. exd5 Bxd5 29. Be4 f5 30. gxf5 gxf5 31. Bxd5 Nxd5 32. Qe2 Rc8 33. Ra5 Nxe3
34. Qxe3 Qd6 35. Qe2 Qd3 36. Qxd3 cxd3 37. Rd5 Rb8 38. Nc4 e4 39. Rxf5 Ra8 40.
g3 Ra4 41. Nd2 Ra1+ 42. Kg2 Re1 43. Rf4 Re2 44. Nxe4 d2 45. Nxd2 Rxd2 46. Rb4
Bf8 47. Rb5 Rc2 48. Kf3 Kf7 49. Ke3 Ke6 50. g4 Rc1 51. f3 Be7 52. Kd3 Bg5 53.
Rf5 Bf6 54. Kd2 Rg1 55. Ke3 Rb1 56. Rh5 Kf7 57. Rh2 Re1+ 58. Kd3 Kg6 59. Kd2
Rf1 60. Ke2 Rb1 61. Ke3 Be5 62. Re2 Kg5 63. Ke4 Bf6 64. f4+ Kxg4 65. Rg2+ Kh5
66. Kf5 Be7 67. Rc2 Kh4 68. c4 h5 69. c5 Bxc5 70. Rxc5 Rxb2 71. Ke6 Re2+
1/2-1/2

[Event "Gibtelecom Masters 2005"]
[Site "Gibraltar ENG"]
[Date "2005.01.29"]
[Round "5.20"]
[White "Al Tamimi, Hamad"]
[Black "Radziewicz, Iweta"]
[Result "1-0"]
[WhiteElo "2210"]
[BlackElo "2459"]
[PlyCount "57"]
[EventDate "2005.01.26"]
[EventType "swiss"]
[EventRounds "10"]
[EventCountry "ENG"]
[Source "lmi"]
[SourceDate "2005.02.03"]

1. e4 e6 2. d4 d5 3. Nc3 Nf6 4. e5 Nfd7 5. f4 c5 6. Nf3 Nc6 7. Be3 a6 8. Qd2 b5
9. Be2 Qb6 10. Nd1 cxd4 11. Nxd4 Nxd4 12. Bxd4 Bc5 13. c3 b4 14. O-O a5 15. Kh1
Bxd4 16. cxd4 f5 17. g4 fxg4 18. Bxg4 O-O 19. Ne3 g6 20. f5 gxf5 21. Bxf5 Ba6
22. Rg1+ Kh8 23. Bxh7 Nxe5 24. dxe5 Bb7 25. Bd3 Rg8 26. Ng2 Rg7 27. Qh6+ Kg8
28. Bh7+ Kf8 29. Bf5 1-0

[Event "Gibtelecom Masters 2005"]
[Site "Gibraltar ENG"]
[Date "2005.01.29"]
[Round "5.21"]
[White "Skripchenko, Almira"]
[Black "Jasim, AR Saleh"]
[Result "0-1"]
[WhiteElo "2459"]
[BlackElo "2340"]
[PlyCount "60"]
[EventDate "2005.01.26"]
[EventType "swiss"]
[EventRounds "10"]
[EventCountry "ENG"]
[Source "lmi"]
[SourceDate "2005.02.03"]

1. e4 e6 2. d4 d5 3. Nc3 dxe4 4. Nxe4 Nd7 5. Nf3 Ngf6 6. Bg5 h6 7. Nxf6+ Nxf6
8. Be3 Be7 9. Ne5 O-O 10. Qf3 Qd5 11. Qh3 Ne4 12. Bd3 Ng5 13. Qh5 c5 14. c3
cxd4 15. cxd4 Bf6 16. Qe2 Rd8 17. f4 Ne4 18. O-O Nd6 19. Qh5 Bd7 20. Rf3 Bb5
21. Bxb5 Qxb5 22. b3 Bxe5 23. fxe5 Nf5 24. Bf2 Rac8 25. Rf1 Qd5 26. Rf4 Rc2 27.
g4 Ne3 28. Qxf7+ Kh8 29. Rf3 Nxf1 30. Kxf1 Rc1+ 0-1

[Event "Gibtelecom Masters 2005"]
[Site "Gibraltar ENG"]
[Date "2005.01.29"]
[Round "5.22"]
[White "McNab, Colin A"]
[Black "Weeramantry, Sunil"]
[Result "1-0"]
[WhiteElo "2440"]
[BlackElo "2258"]
[PlyCount "49"]
[EventDate "2005.01.26"]
[EventType "swiss"]
[EventRounds "10"]
[EventCountry "ENG"]
[Source "lmi"]
[SourceDate "2005.02.03"]

1. c4 e5 2. Nc3 Nc6 3. Nf3 f5 4. d4 e4 5. Ng5 h6 6. Nh3 g5 7. e3 Nf6 8. Ng1 Ne7
9. h4 Ng6 10. hxg5 hxg5 11. Rxh8 Nxh8 12. Qb3 d6 13. Bd2 c6 14. O-O-O Qb6 15.
Qc2 Bd7 16. f3 d5 17. g4 exf3 18. Nxf3 fxg4 19. Nxg5 dxc4 20. Bxc4 O-O-O 21.
Ne6 Re8 22. Na4 Bxe6 23. Nxb6+ axb6 24. Bxe6+ Rxe6 25. d5 1-0

[Event "Gibtelecom Masters 2005"]
[Site "Gibraltar ENG"]
[Date "2005.01.29"]
[Round "5.23"]
[White "Thorfinnsson, Bragi"]
[Black "Black, Richard"]
[Result "1-0"]
[WhiteElo "2435"]
[BlackElo "2235"]
[PlyCount "101"]
[EventDate "2005.01.26"]
[EventType "swiss"]
[EventRounds "10"]
[EventCountry "ENG"]
[Source "lmi"]
[SourceDate "2005.02.03"]

1. d4 g6 2. c4 Bg7 3. e4 d6 4. Nc3 Nf6 5. Nf3 O-O 6. Be2 e5 7. O-O Na6 8. Be3
Ng4 9. Bg5 f6 10. Bc1 Qe8 11. h3 Nh6 12. Be3 Nf7 13. dxe5 dxe5 14. b4 Nxb4 15.
Bc5 Na6 16. Bxf8 Qxf8 17. Qc2 c6 18. Rfd1 Qe7 19. Na4 Nc5 20. Nxc5 Qxc5 21.
Rab1 f5 22. Bd3 f4 23. Be2 h5 24. Qd2 Bf8 25. Qc3 Rb8 26. Nd2 Ng5 27. Nb3 Nxe4
28. Qf3 Ng5 29. Nxc5 Nxf3+ 30. Bxf3 Bxc5 31. Rd8+ Kg7 32. Bxc6 Bb6 33. Rxb6
axb6 34. Bd7 Bxd7 35. Rxb8 Bc6 36. h4 Kf6 37. Rd8 Ke7 38. Rd2 b5 39. cxb5 Bxb5
40. Rd5 Ba6 41. Rxe5+ Kf6 42. Rc5 Ke6 43. f3 Kf6 44. Kf2 Ke6 45. g3 fxg3+ 46.
Kxg3 Bd3 47. Rc3 Ba6 48. Kf4 Kf6 49. Rb3 Bc4 50. Rb6+ Be6 51. a4 1-0

[Event "Gibtelecom Masters 2005"]
[Site "Gibraltar ENG"]
[Date "2005.01.29"]
[Round "5.24"]
[White "Pert, Richard G"]
[Black "Tolhuizen, Ludo"]
[Result "1/2-1/2"]
[WhiteElo "2417"]
[BlackElo "2288"]
[PlyCount "111"]
[EventDate "2005.01.26"]
[EventType "swiss"]
[EventRounds "10"]
[EventCountry "ENG"]
[Source "lmi"]
[SourceDate "2005.02.03"]

1. d4 d5 2. c4 Nc6 3. Nf3 Bg4 4. Nc3 e6 5. cxd5 exd5 6. Bf4 Bxf3 7. gxf3 Bd6 8.
Bg3 h5 9. e3 h4 10. Bxd6 Qxd6 11. Bh3 Nf6 12. Qb3 O-O 13. O-O-O a6 14. Rdg1 Kh8
15. Qc2 Ne7 16. Rg5 c5 17. dxc5 Qxc5 18. Rd1 Qc7 19. Rg2 Qe5 20. f4 Qc7 21. f3
Rad8 22. Rgd2 Qb6 23. Rd3 Nc6 24. Qf2 Nb4 25. Rd4 Kg8 26. Kb1 Nc6 27. Nxd5 Nxd5
28. Rxd5 Rxd5 29. Rxd5 Re8 30. Rd3 Nb4 31. Rd4 Nc6 32. Rd3 Nb4 33. Rb3 Qd6 34.
Qe2 Rd8 35. Rc3 Qd5 36. b3 Qa5 37. Rc8 Rxc8 38. Bxc8 Nd5 39. Qd3 Nb4 40. Qd2
Qb6 41. Bf5 a5 42. Be4 Nc6 43. Bxc6 bxc6 44. h3 c5 45. f5 a4 46. Kc2 axb3+ 47.
axb3 Qf6 48. e4 Kh7 49. Qf4 Kg8 50. e5 Qa6 51. f6 Qe2+ 52. Kc3 Qe1+ 53. Kc2
Qe2+ 54. Kc3 Qe1+ 55. Kb2 g6 56. Ka2 1/2-1/2

[Event "Gibtelecom Masters 2005"]
[Site "Gibraltar ENG"]
[Date "2005.01.29"]
[Round "5.25"]
[White "Pert, Nicholas"]
[Black "Mohamed, Hossein Abdul"]
[Result "1-0"]
[WhiteElo "2501"]
[BlackElo "2233"]
[PlyCount "73"]
[EventDate "2005.01.26"]
[EventType "swiss"]
[EventRounds "10"]
[EventCountry "ENG"]
[Source "lmi"]
[SourceDate "2005.02.03"]

1. d4 c5 2. d5 d6 3. c4 e6 4. Nc3 exd5 5. cxd5 g6 6. Bf4 Bg7 7. Qa4+ Bd7 8.
Qe4+ Qe7 9. Qxe7+ Kxe7 10. Ne4 Bf5 11. Nxd6 Bxb2 12. Nxf5+ gxf5 13. Rb1 Bc3+
14. Kd1 b6 15. e3 Nd7 16. Nf3 Ngf6 17. d6+ Ke8 18. Bb5 Ne4 19. Kc2 Bf6 20. Be5
Kd8 21. Bxf6+ Ndxf6 22. Rhd1 Nxf2 23. Rd2 N2e4 24. Rd3 Rg8 25. g3 Nd7 26. Rd5
f6 27. Nh4 Ne5 28. Nxf5 Rg5 29. Rf1 Ng4 30. Kb2 a6 31. Bc6 Rc8 32. Ne7 Ne5 33.
Nxc8 Kxc8 34. Ba8 Nc4+ 35. Kc1 Rg8 36. d7+ Kd8 37. Rd3 1-0

[Event "Gibtelecom Masters 2005"]
[Site "Gibraltar ENG"]
[Date "2005.01.29"]
[Round "5.26"]
[White "Arakhamia Grant, Ketevan"]
[Black "Fossum, Oystein Boyum"]
[Result "1-0"]
[WhiteElo "2454"]
[BlackElo "2214"]
[PlyCount "79"]
[EventDate "2005.01.26"]
[EventType "swiss"]
[EventRounds "10"]
[EventCountry "ENG"]
[Source "lmi"]
[SourceDate "2005.02.03"]

1. e4 c5 2. Nf3 g6 3. c4 Bg7 4. d4 cxd4 5. Nxd4 Nc6 6. Be3 Nf6 7. Nc3 O-O 8.
Be2 d6 9. O-O Bd7 10. Nc2 Rc8 11. f3 b6 12. Qd2 Qc7 13. Rac1 Qb7 14. Rfd1 Ne5
15. b3 h5 16. Qe1 Rfd8 17. h3 Rc7 18. f4 Nc6 19. Bf3 Qb8 20. Nd5 Rcc8 21. Bf2
e6 22. Nc3 e5 23. f5 gxf5 24. Bh4 Ne7 25. Ne3 f4 26. Bxf6 Bxf6 27. Ned5 Nxd5
28. Nxd5 Bg5 29. h4 Bh6 30. Ne7+ Kh7 31. Nxc8 Bxc8 32. Bxh5 f3 33. Rc2 fxg2 34.
Rxg2 Be6 35. Qg3 Qb7 36. Rxd6 Qc8 37. Bg6+ Kh8 38. Qxe5+ Bg7 39. Qh5+ Kg8 40.
Bxf7+ 1-0

[Event "Gibtelecom Masters 2005"]
[Site "Gibraltar ENG"]
[Date "2005.01.29"]
[Round "5.27"]
[White "Flores Chico, Jorge"]
[Black "Shaw, John"]
[Result "0-1"]
[WhiteElo "2125"]
[BlackElo "2445"]
[PlyCount "96"]
[EventDate "2005.01.26"]
[EventType "swiss"]
[EventRounds "10"]
[EventCountry "ENG"]
[Source "lmi"]
[SourceDate "2005.02.03"]

1. e4 c5 2. Nf3 a6 3. d4 cxd4 4. Nxd4 Nf6 5. Nc3 e5 6. Nb3 Bb4 7. Bd2 Nc6 8.
Nd5 Bxd2+ 9. Nxd2 Nxd5 10. exd5 Nd4 11. c3 Nf5 12. Bd3 d6 13. Qf3 Nh4 14. Qg3
O-O 15. Ne4 Bf5 16. f3 Ng6 17. Nf2 Bxd3 18. Nxd3 Qa5 19. O-O Qxd5 20. f4 e4 21.
Nb4 Qc5+ 22. Kh1 Ne7 23. Nc2 Rad8 24. Rae1 f5 25. Nd4 Rf6 26. Qg5 Nc6 27. Nb3
Qc4 28. g4 Qf7 29. gxf5 Rxf5 30. Qg4 d5 31. Nc5 Rf8 32. Rg1 Rxf4 33. Qe6 Rf2
34. Qg4 Ne5 35. Qg3 Rxb2 36. Ref1 Nf3 37. Ne6 Rxh2+ 38. Qxh2 Qxe6 39. Qg3 Nxg1
40. Rxf8+ Kxf8 41. Qb8+ Qe8 42. Qd6+ Kg8 43. Qxd5+ Kh8 44. Kxg1 e3 45. Qd1 e2
46. Qe1 Qe3+ 47. Kg2 g5 48. c4 Qe4+ 0-1

[Event "Gibtelecom Masters 2005"]
[Site "Gibraltar ENG"]
[Date "2005.01.29"]
[Round "5.29"]
[White "Tissir, Mohamed"]
[Black "Saud, Mohamed"]
[Result "1-0"]
[WhiteElo "2426"]
[BlackElo "2198"]
[PlyCount "159"]
[EventDate "2005.01.26"]
[EventType "swiss"]
[EventRounds "10"]
[EventCountry "ENG"]
[Source "lmi"]
[SourceDate "2005.02.03"]

1. e4 d5 2. exd5 Qxd5 3. Nc3 Qd6 4. d4 Nf6 5. Bc4 a6 6. Nge2 b5 7. Bb3 Bb7 8.
Bf4 Qd8 9. O-O e6 10. a4 b4 11. Na2 Be7 12. Qd3 O-O 13. Rad1 Be4 14. Qg3 c6 15.
Nac1 Nbd7 16. Nd3 Qa5 17. Ne5 Nxe5 18. Bxe5 Rac8 19. Nf4 Bg6 20. Rfe1 Nd5 21.
Nxg6 hxg6 22. Bd6 Bxd6 23. Qxd6 Rfd8 24. Qg3 c5 25. dxc5 Qxc5 26. Qg5 Rd7 27.
Rd3 Nb6 28. Qg3 Rcd8 29. Rxd7 Rxd7 30. h3 Rd2 31. Re4 Rd4 32. Re1 Nd7 33. Qf3
Rd2 34. Qf4 Rd4 35. Qe3 Qd6 36. c3 Rd3 37. Qa7 bxc3 38. bxc3 Nc5 39. Bc4 Rxc3
40. Bf1 Rc2 41. Qa8+ Kh7 42. Qf3 Kg8 43. a5 Rd2 44. Qa8+ Kh7 45. Qf3 f6 46. Bc4
Qd4 47. Bxe6 Nxe6 48. Rxe6 Qa1+ 49. Kh2 Qxa5 50. Re4 Rd5 51. Re7 Kg8 52. Qg4
Qd8 53. Qe6+ Kh7 54. f4 Qd6 55. Qe3 Re5 56. Rxe5 fxe5 57. fxe5 Qe6 58. Qd4 Kg8
59. Kg3 Kf7 60. h4 Ke8 61. Qc5 Kf7 62. Kf4 Qf5+ 63. Ke3 g5 64. Qc4+ Qe6 65.
Qc7+ Kg6 66. Qc2+ Kh6 67. Qc7 Kg6 68. hxg5 Qb3+ 69. Kd4 Qd1+ 70. Kc5 Qc2+ 71.
Kd6 Qd2+ 72. Ke6 Qa2+ 73. Kd6 Qxg2 74. e6 Qd2+ 75. Kc6 Qc3+ 76. Kd7 Qd2+ 77.
Qd6 Qxg5 78. e7+ Kh7 79. Qd3+ g6 80. e8=Q 1-0

[Event "Gibtelecom Masters 2005"]
[Site "Gibraltar ENG"]
[Date "2005.01.29"]
[Round "5.30"]
[White "Hennigan, Michael"]
[Black "Cazelais, Marc"]
[Result "1/2-1/2"]
[WhiteElo "2408"]
[BlackElo "2201"]
[PlyCount "129"]
[EventDate "2005.01.26"]
[EventType "swiss"]
[EventRounds "10"]
[EventCountry "ENG"]
[Source "lmi"]
[SourceDate "2005.02.03"]

1. g3 e5 2. Bg2 d5 3. d3 Nc6 4. Nf3 Nf6 5. O-O h6 6. a3 a5 7. b3 Bg4 8. Bb2 Bd6
9. Nbd2 O-O 10. e4 dxe4 11. dxe4 Qe7 12. Qe2 Rad8 13. h3 Bc8 14. Nc4 b6 15.
Nxd6 cxd6 16. c4 Nd7 17. Bc3 Nc5 18. b4 Ne6 19. Qd3 axb4 20. axb4 Qc7 21. Rac1
Bb7 22. Rfd1 Ne7 23. Ne1 f5 24. exf5 Bxg2 25. Nxg2 Nxf5 26. Ne3 Nxe3 27. Qxe3
Ng5 28. f4 exf4 29. gxf4 Rxf4 30. Be1 Rf3 31. Qe2 Rxh3 32. Rd3 Rxd3 33. Qxd3
Rf8 34. Qd5+ Kh8 35. Bg3 Qe7 36. Rc2 Qf6 37. Qd3 Nf3+ 38. Kg2 Qg5 39. Qe4 Ne5
40. Ra2 Ng4 41. Re2 Nf6 42. Qf4 Qxf4 43. Bxf4 d5 44. c5 bxc5 45. bxc5 Ne4 46.
Be3 Rf6 47. Rc2 Rc6 48. Kf3 g5 49. Kg4 Kh7 50. Kf5 Nf6 51. Rb2 Nd7 52. Rb7 Rf6+
53. Kg4 Rf7 54. c6 Ne5+ 55. Kh5 Rxb7 56. cxb7 Nd7 57. Bd4 g4 58. Kxg4 Kg6 59.
Kf4 h5 60. Bc3 Kf7 61. Kf5 h4 62. Be5 h3 63. Bf4 d4 64. Ke4 Nc5+ 65. Kxd4
1/2-1/2